Dial Drunk (ft. Post Malone) - Noah Kahan (All Lyrics) - Statistics

General Stats
  • This quiz has been taken 58 times
  • The average score is 386 of 477
Answer Stats
Lyrics % Correct
I
100%
(I
100%
For
97%
for
97%
it,
97%
it
97%
you
97%
a
94%
all
94%
and
94%
And
94%
drunk
94%
drunk,
94%
no
94%
the
94%
to
94%
call
92%
I'm
92%
In
92%
in
92%
it's
92%
know
92%
know)
92%
me
92%
of
92%
ain't
89%
be?
89%
dial
89%
my
89%
proud
89%
So
89%
that
89%
that,
89%
your
89%
alone
86%
bein'
86%
callin'
86%
car
86%
do
86%
forget
86%
I've
86%
longer
86%
name
86%
punches
86%
rainin'
86%
someone
86%
thrown
86%
thrown,
86%
cop
83%
I'll
83%
now
83%
shame
83%
young,
83%
die
81%
is
81%
promised
81%
up
81%
when
81%
any
78%
as
78%
I'd
78%
lights
78%
radio
78%
radio,
78%
rememberin'
78%
they
78%
threw
78%
Traffic
78%
were
78%
back
75%
But
75%
cops
75%
emergency
75%
Even
75%
gave
75%
like
75%
phone
75%
thought
75%
wrong
75%
don't
72%
drownin'
72%
hangin'
72%
love
72%
rang
72%
transmitter
72%
used
72%
was
72%
burnouts
69%
half
69%
man
69%
medicine
69%
out
69%
perspective
69%
this
69%
tone
69%
why
69%
about
67%
alcohol
67%
Am
67%
anyway
67%
blood
67%
cell
67%
fell
67%
give
67%
have
67%
honest
67%
Honey,
67%
just
67%
on
67%
said
67%
same
67%
whatever
67%
with
67%
are
64%
fault
64%
she'll
64%
"Son,
64%
swear
64%
takin'
64%
yourself?"
64%
change
61%
danger
61%
doubt
61%
into
61%
kiss
61%
let
61%
mosh
61%
pit
61%
sir,
61%
still?
61%
faith,
58%
rot
58%
time
58%
Turn
58%
badge
56%
dance
56%
Fuck
56%
last
56%
slow
56%
beg
53%
Try
53%
wait,
53%
couldn't
50%
cuffs
50%
Drinks
50%
face
50%
loosen
50%
window
50%
another
47%
pourin',
47%
praise
44%
stop
44%
first
42%
flag
42%
sober
42%
then
39%
'bout
36%
cold
36%
Told
36%
Well,
36%
lock
33%
Talkin'
33%
ah
31%
him
31%
Crown
28%
head,
28%
Mm,
28%
Vic
25%
Let's
19%
Tuck
19%
heard
14%
No matching quizzes found
Score Distribution
Percent of People with Each Score
Percentile by Number Answered
Your Score History
You have not taken this quiz